100 Best Beatle's Songs - Statistics

General Stats
  • This quiz has been taken 746 times
    689 since last reset
  • The average score is 39 of 100
Answer Stats
Album Writer # Answer % Correct
Let It Be Paul McCartney 8 Let It Be
85%
Help! John Lennon 15 Help!
82%
A Hard Day's Night John Lennon 11 A Hard Day's Night
81%
Past Masters Paul McCartney 7 Hey Jude
79%
Help! Paul McCartney 4 Yesterday
78%
Magical Mystery Tour John Lennon 3 Strawberry Fields Forever
76%
Sgt. Pepper's Lonely Hearts Club Band John Lennon/Paul McCartney 1 A Day In The Life
75%
Magical Mystery Tour Paul McCartney 32 Penny Lane
72%
Abbey Road George Harrison 6 Something
72%
The Beatles (The White Album) George Harrison 10 While My Guitar Gently Weeps
72%
Please Please Me John Lennon 20 Please Please Me
71%
Revolver Paul McCartney 22 Eleanor Rigby
69%
Abbey Road John Lennon 9 Come Together
68%
Abbey Road George Harrison 28 Here Comes The Sun
67%
Please Please Me Paul McCartney/John Lennon 87 Love Me Do
67%
Revolver Paul McCartney 74 Yellow Submarine
64%
Please Please Me John Lennon/Paul McCartney 2 I Want To Hold Your Hand
63%
Sgt. Pepper's Lonely Hearts Club Band John Lennon 19 Lucy In The Sky With Diamonds
63%
Past Masters John Lennon/Paul McCartney 14 She Loves You
63%
Rubber Soul John Lennon/Paul McCartney 5 In My Life
61%
Magical Mystery Tour John Lennon 33 I Am The Walrus
59%
Rubber Soul John Lennon/Paul McCartney 12 Norwegian Wood (This Bird Has Flown)
59%
Let It Be Paul McCartney 41 Get Back
57%
Please Please Me Paul McCartney 16 I Saw Her Standing There
57%
Magical Mystery Tour John Lennon 21 All You Need Is Love
56%
Past Masters John Lennon 13 Revolution
54%
The Beatles (The White Album) Paul McCartney 38 Blackbird
53%
Revolver George Harrison 55 Taxman
53%
The Beatles (The White Album) Paul McCartney 85 Back In The U.S.S.R.
52%
Rubber Soul Paul McCartney/John Lennon 43 Drive My Car
52%
Magical Mystery Tour Paul McCartney 100 Hello, Goodbye
52%
Beatles For Sale Paul McCartney/John Lennon 34 Eight Days A Week
49%
Past Masters Paul McCartney 35 Paperback Writer
49%
Sgt. Pepper's Lonely Hearts Club Band Paul McCartney 60 Sgt. Pepper's Lonely Hearts Club Band
49%
Help! John Lennon/Paul McCartney 17 Ticket To Ride
49%
A Hard Day's Night Paul McCartney 29 Can't Buy Me Love
46%
Let It Be John Lennon 84 Across The Universe
45%
Sgt. Pepper's Lonely Hearts Club Band Paul McCartney/John Lennon 61 With A Little Help From My Friends
44%
With The Beatles Paul McCartney 44 All My Loving
43%
The Beatles (The White Album) Paul McCartney 52 Helter Skelter
43%
Rubber Soul John Lennon 66 Nowhere Man
43%
Past Masters John Lennon 39 Day Tripper
42%
Rubber Soul John Lennon 62 Girl
41%
A Hard Day's Night Paul McCartney 65 And I Love Her
40%
Sgt. Pepper's Lonely Hearts Club Band George Harrison 96 Within You Without You
39%
A Hard Day's Night John Lennon 26 If I Fell
38%
Past Masters Paul McCartney 86 Lady Madonna
37%
Revolver John Lennon 18 Tomorrow Never Knows
37%
Revolver Paul McCartney 25 Here, There And Everywhere
36%
Past Masters John Lennon 88 Rain
36%
The Beatles (The White Album) John Lennon 69 Julia
35%
Past Masters Paul McCartney/John Lennon 30 We Can Work It Out
35%
Past Masters John Lennon 46 Don't Let Me Down
33%
The Beatles (The White Album) John Lennon 24 Happiness Is A Warm Gun
33%
Past Masters John Lennon 42 I Feel Fine
33%
Sgt. Pepper's Lonely Hearts Club Band Paul McCartney 82 She's Leaving Home
33%
The Beatles (The White Album) John Lennon 63 Dear Prudence
32%
Revolver Paul McCartney 40 For No One
32%
Abbey Road John Lennon 59 I Want You (She's So Heavy)
31%
Help! John Lennon 31 You've Got To Hide Your Love Away
31%
Abbey Road Paul McCartney 67 Oh! Darling
30%
Revolver Paul McCartney 50 Got To Get You Into My Life
29%
Abbey Road John Lennon 77 Because
28%
Past Masters John Lennon/Paul McCartney 72 From Me To You
28%
Revolver John Lennon 57 I'm Only Sleeping
28%
Let It Be Paul McCartney 54 Two Of Us
28%
Yellow Submarine John Lennon 81 Hey Bulldog
27%
Past Masters John Lennon 48 The Ballad Of John And Yoko
27%
Beatles For Sale John Lennon 45 No Reply
25%
Revolver John Lennon 78 And Your Bird Can Sing
24%
The Beatles (The White Album) George Harrison 98 Long, Long, Long
24%
Revolver Paul McCartney 89 Good Day Sunshine
23%
Beatles For Sale John Lennon 71 I'm A Loser
23%
Let It Be John Lennon 92 Dig A Pony
22%
Beatles For Sale Paul McCartney 79 I'll Follow The Sun
22%
A Hard Day's Night John Lennon 36 I Should Have Known Better
22%
Help! Paul McCartney 58 I've Just Seen A Face
22%
Rubber Soul George Harrison 51 If I Needed Someone
21%
Let It Be Paul McCartney/John Lennon 64 I've Got A Feeling
20%
The Beatles (The White Album) John Lennon 93 Sexy Sadie
20%
Revolver John Lennon 37 She Said, She Said
20%
Magical Mystery Tour John Lennon/Paul McCartney 68 Baby, You're A Rich Man
18%
Help! Paul McCartney 49 The Night Before
18%
The Beatles (The White Album) John Lennon 83 I'm So Tired
17%
With The Beatles John Lennon/Paul McCartney 53 It Won't Be Long
17%
Rubber Soul George Harrison 75 Think For Yourself
16%
A Hard Day's Night John Lennon 70 You Can't Do That
15%
Rubber Soul Paul McCartney 94 You Won't See Me
15%
A Hard Day's Night Paul McCartney 47 Things We Said Today
14%
The Beatles (The White Album) John Lennon 76 Yer Blues
14%
With The Beatles John Lennon 97 All I've Got To Do
13%
Past Masters Paul McCartney 56 I'm Down
13%
A Hard Day's Night John Lennon 95 Any Time At All
12%
Help! John Lennon/Paul McCartney 27 You're Going To Lose That Girl
12%
Past Masters John Lennon 99 Yes It Is
11%
The Beatles (The White Album) Paul McCartney 80 Mother Nature's Son
10%
Beatles For Sale Paul McCartney 91 Every Little Thing
9%
Abbey Road Paul McCartney/John Lennon 23 Abbey Road Medley
8%
The Beatles (The White Album) John Lennon 73 Everybody's Got Something To Hide Except Me And My Monkey
5%
Let It Be Paul McCartney 90 A Long And Winding Road
3%
No matching quizzes found
Score Distribution
Percent of People with Each Score
Percentile by Number Answered
Your Score History
You have not taken this quiz since the last reset